| 000 | 01477cam a22004574i 4500 | ||
|---|---|---|---|
| 003 | PE-LiUPU | ||
| 005 | 20250731172857.0 | ||
| 008 | 150616s1985 sp rb 000 0 spa d | ||
| 035 | _a(Sirsi) a1655 | ||
| 040 |
_aPE-LiUPU _bspa _cPE-LiUPU _erda |
||
| 049 | _aPRUA | ||
| 082 | 0 | 4 |
_a242.08 _bC636a _223 |
| 110 | 2 | _aCLIE | |
| 245 | 1 | 0 |
_aAntología de la poesía cristiana (siglo XII al XX) / _cCLIE. |
| 264 | 1 |
_aBarcelona : _bClie, _c1985. |
|
| 300 |
_a595 páginas ; _c23 centímetros. |
||
| 336 |
_atext _2rdacontent |
||
| 337 |
_aunmediated _2rdamedia |
||
| 338 |
_avolume _2rdacarrier |
||
| 504 | _aIncluye bibliografía. | ||
| 505 | 0 | _aSiglo XII -- Siglo XIV -- Siglo XV -- Siglo XVI -- Siglo XVII -- Siglo XVIII -- Siglo XIX -- Siglo XX. | |
| 526 | _aSEG42 | ||
| 526 | _aSEG41 | ||
| 526 | _aSEG40 | ||
| 526 | _aSEG39 | ||
| 526 | _aP94 | ||
| 526 | _aP87 | ||
| 526 | _aP86 | ||
| 526 | _aP85 | ||
| 526 | _aP77 | ||
| 526 | _aP76 | ||
| 526 | _aP35 | ||
| 650 | 1 | 4 | _aPoesía religiosa. |
| 910 | _ajck | ||
| 942 |
_2ddc _cBK _n0 |
||
| 949 |
_wDEWEY _c1 _i25480 _lCCODEBUL1 _mBUL _p38.00 _r0 _sY _tBOOK _u19860508 _xEDUCACION _0COMPRA _o.STAFF. Colección General |
||
| 949 |
_a808.815 C62 _wDEWEY _c2 _i24872 _lCCODEBUL1 _mBUL _p38.00 _r0 _sY _tBOOK _u19860508 _xEDUCACION _0COMPRA _o.STAFF. Colección General |
||
| 980 |
_81 _gALBERTO SANCHEZ Responsable de Automatización |
||
| 999 |
_c14283 _d14283 |
||